<?xml version="1.0" encoding="UTF-8"?><?xml-stylesheet type="text/xsl" href="static/style.xsl"?><OAI-PMH xmlns="http://www.openarchives.org/OAI/2.0/" xmlns:xsi="http://www.w3.org/2001/XMLSchema-instance" xsi:schemaLocation="http://www.openarchives.org/OAI/2.0/ http://www.openarchives.org/OAI/2.0/OAI-PMH.xsd"><responseDate>2026-04-27T21:32:15Z</responseDate><request verb="GetRecord" identifier="oai:uvadoc.uva.es:10324/37342" metadataPrefix="marc">https://uvadoc.uva.es/oai/request</request><GetRecord><record><header><identifier>oai:uvadoc.uva.es:10324/37342</identifier><datestamp>2021-06-23T12:01:53Z</datestamp><setSpec>com_10324_1190</setSpec><setSpec>com_10324_931</setSpec><setSpec>com_10324_894</setSpec><setSpec>col_10324_1352</setSpec></header><metadata><record xmlns="http://www.loc.gov/MARC21/slim" xmlns:doc="http://www.lyncode.com/xoai" xmlns:xsi="http://www.w3.org/2001/XMLSchema-instance" xmlns:dcterms="http://purl.org/dc/terms/" xsi:schemaLocation="http://www.loc.gov/MARC21/slim http://www.loc.gov/standards/marcxml/schema/MARC21slim.xsd">
<leader>00925njm 22002777a 4500</leader>
<datafield tag="042" ind1=" " ind2=" ">
<subfield code="a">dc</subfield>
</datafield>
<datafield tag="720" ind1=" " ind2=" ">
<subfield code="a">Villalobos Alonso, Daniel</subfield>
<subfield code="e">author</subfield>
</datafield>
<datafield tag="260" ind1=" " ind2=" ">
<subfield code="c">2014</subfield>
</datafield>
<datafield tag="520" ind1=" " ind2=" ">
<subfield code="a">El trabajo desarrolla el análisis de las inversiones que presentan las dos partes de Monasterio de la Tourette de Le Corbusier respecto a sus dos partes: Iglesia y resto de partes monacales con sus dos diferentes respuestas compositivas, e incluso contradictorias entre sí, puestas de manifiesto en la reafirmación o negación en ellas de sus “5 puntos”. El desarrollo del estudio se enlaza con los distintos tipos de recorridos que se desarrollan en sus espacios arquitectónicos, así como el distinto valor y función de cada uno de ellos.</subfield>
</datafield>
<datafield tag="024" ind2=" " ind1="8">
<subfield code="a">AA. VV.  (Coordinan: Villalobos Alonso, Daniel.  Rincón Borrego, Iván y Pérez Barreiro, Sara): Arquitectura, Símbolo y Modernidad. Valladolid: Real Embajada de Noruega en España, 2014, pp. 135-150.</subfield>
</datafield>
<datafield tag="024" ind2=" " ind1="8">
<subfield code="a">978-84-617-3470-2.</subfield>
</datafield>
<datafield tag="024" ind2=" " ind1="8">
<subfield code="a">http://uvadoc.uva.es/handle/10324/37342</subfield>
</datafield>
<datafield tag="024" ind2=" " ind1="8">
<subfield code="a">135</subfield>
</datafield>
<datafield tag="024" ind2=" " ind1="8">
<subfield code="a">150</subfield>
</datafield>
<datafield tag="024" ind2=" " ind1="8">
<subfield code="a">Arquitectura, Símbolo y Modernidad</subfield>
</datafield>
<datafield tag="245" ind1="0" ind2="0">
<subfield code="a">El Monasterio Sainte-Marie-de-la Tourette. El muro simbólico de la «caja de los milagros», principio y fin de recorridos</subfield>
</datafield>
</record></metadata></record></GetRecord></OAI-PMH>